Szövegnyelvészeti/szövegtani/szemiotikái-textológiái elméleti koncepciókkal foglalkozó kutatók számára releváns honlapokra utaló internetadatok

Elmentve itt :
Bibliográfiai részletek
Dokumentumtípus: Cikk
Megjelent: 2012
Sorozat:Szemiotikai szövegtan
Kulcsszavak:Petőfi Sándor János, Nyelvészet bibliográfia
Online Access:http://acta.bibl.u-szeged.hu/36628
LEADER 00689nab a2200169 i 4500
001 acta36628
005 20210722095228.0
008 161017s2012 hu o 0|| hun d
022 |a 0865-5960 
040 |a SZTE Egyetemi Kiadványok Repozitórium  |b hun 
041 |a hun 
245 0 0 |a Szövegnyelvészeti/szövegtani/szemiotikái-textológiái elméleti koncepciókkal foglalkozó kutatók számára releváns honlapokra utaló internetadatok  |h [elektronikus dokumentum] 
260 |c 2012 
300 |a 65-67 
490 0 |a Szemiotikai szövegtan 
695 |a Petőfi Sándor János, Nyelvészet bibliográfia 
856 4 0 |u http://acta.bibl.u-szeged.hu/36628/1/szemiotikai_020_065-067.pdf  |z Dokumentum-elérés